Investície do občianskej a technickej vybavenosti záverečná práca postgraduálneho štúdia

Guardado en:
Detalles Bibliográficos
Autor principal: Krajčovič, Ľuboš
Autor Corporativo: Vysoká škola ekonomická v Bratislave
Otros Autores: Plichta, Juraj
Formato: Libro
Lenguaje:eslovaco
Publicado: Bratislava 1988
Etiquetas: Agregar Etiqueta
Sin Etiquetas, Sea el primero en etiquetar este registro!

MARC

LEADER 00000nam a2200000 4500
001 c035324
005 20221219091702.4
041 0 |a slo 
044 |a SK 
245 1 0 |a Investície do občianskej a technickej vybavenosti  |b záverečná práca postgraduálneho štúdia  |c Ľuboš Krajčovič ; Ved. práce Juraj Plichta 
264 1 |a Bratislava  |c 1988 
300 |a 51 s. 
100 1 |a Krajčovič, Ľuboš 
700 1 |a Plichta, Juraj 
710 2 |a Vysoká škola ekonomická v Bratislave